Glimpses of the Hadith. (Record no. 66825)

MARC details
000 -LEADER
fixed length control field 00642cam a22002531 4500
001 - CONTROL NUMBER
control field sa 65010547
003 - CONTROL NUMBER IDENTIFIER
control field DLC
005 - DATE AND TIME OF LATEST TRANSACTION
control field 20260227112209.0
008 - FIXED-LENGTH DATA ELEMENTS--GENERAL INFORMATION
fixed length control field 740522s1965 pk 000 0 eng
010 ## - LIBRARY OF CONGRESS CONTROL NUMBER
LC control number sa 65010547
025 ## - OVERSEAS ACQUISITION NUMBER
Overseas acquisition number PL480:P-E-844
035 ## - SYSTEM CONTROL NUMBER
System control number (OCoLC)893414
040 ## - CATALOGING SOURCE
Original cataloging agency DLC
Transcribing agency NBuU
Modifying agency OCoLC
-- DLC
041 0# - LANGUAGE CODE
Language code of text/sound track or separate title engara
042 ## - AUTHENTICATION CODE
Authentication code premarc
050 00 - LIBRARY OF CONGRESS CALL NUMBER
Classification number BP135
Item number .A9
100 1# - MAIN ENTRY--PERSONAL NAME
Personal name Azizullah, Muhammad.
245 10 - TITLE STATEMENT
Title Glimpses of the Hadith.
250 ## - EDITION STATEMENT
Edition statement [1st ed.]
260 ## - PUBLICATION, DISTRIBUTION, ETC.
Place of publication, distribution, etc. Karachi
Date of publication, distribution, etc. [1965]
300 ## - PHYSICAL DESCRIPTION
Extent iii, iii, 122 p.
Dimensions 25 cm.
500 ## - GENERAL NOTE
General note Includes quotations from the Hadith in Arabic.
650 #0 - SUBJECT ADDED ENTRY--TOPICAL TERM
Topical term or geographic name entry element Hadith.

No items available.

Powered by Koha